Love to learn : the transformative power of care and connection in early education /

Bibliographic Details
Main Author: Hau, Isabelle C. (Author)
Corporate Author: EBSCOhost
Format: eBook
Language:English
Published: New York, NY : PublicAffairs, 2025.
Edition:First edition.
Subjects:
Online Access:Connect to the full text of this electronic book

MARC

Tag First Indicator Second Indicator Subfields
LEADER 00000nam a22000001i 4500
001 in00005620021
003 OCoLC
005 20250220161728.6
006 m |o d |
007 cr |n|||||||||
008 250220s2025 nyu ob 001 0 eng d
024 8 |a 40032659860 
035 |a (OCoLC)1485005050 
040 |a NhCcYBP  |b eng  |e rda  |e pn  |c NhCcYBP 
020 |a 9781541703797 (electronic bk.) 
020 |a 1541703790 (electronic bk.) 
020 |z 9781541703773 
020 |z 1541703774 
050 4 |a LB1072  |b .H385 2025 
082 0 4 |a 370.15/34  |2 23/eng/20240820 
100 1 |a Hau, Isabelle C.,  |e author. 
245 1 0 |a Love to learn :  |b the transformative power of care and connection in early education /  |c Isabelle C. Hau. 
250 |a First edition. 
264 1 |a New York, NY :  |b PublicAffairs,  |c 2025. 
300 |a 1 online resource (pages cm.) : 
336 |a text  |b txt  |2 rdacontent 
337 |a computer  |b c  |2 rdamedia 
338 |a online resource  |b cr  |2 rdacarrier 
504 |a Includes bibliographical references and index. 
505 0 |a Introduction. Planting the seeds of connection -- Part I -- The early childhood relational crisis -- The predictive value of early relationships -- Shrinking networks -- The kids aren't all right -- Here but not here: physically present, emotionally absent parents -- Part II -- The new science of love and learning -- The scientific revolution -- The evolution of bonding -- Junk tech woes -- Love: the silver bullet in education -- Part III -- The path forward: cultivating a future of connections -- Families: new configurations, new horizons -- Friends: play is learning -- Schools: relational hubs -- Communities: thriving together -- Conclusion. Love to learn and system change. 
588 |a Description based on print version record. 
650 0 |a Affective education. 
650 0 |a Early childhood education  |x Social aspects. 
650 0 |a Student-centered learning. 
650 0 |a Teacher-student relationships. 
655 7 |a Electronic books.  |2 local 
710 2 |a EBSCOhost 
776 1 8 |c Original  |z 9781541703773  |z 1541703774  |w (DLC) 2024034376  |w (OCoLC)1437984533 
856 4 0 |u http://proxy.library.tamu.edu/login?url=https://search.ebscohost.com/login.aspx?direct=true&scope=site&db=nlebk&db=nlabk&AN=3938889  |z Connect to the full text of this electronic book  |t 0 
945 |b 338842 
955 |a YBP purchased approval e-records 
980 |b ebook  |c 40032659860  |f NONFIC/B  |g 565751  |k USD  |m 114.40  |q 1  |s AcqMono Conventional  |t Approval plan  |u Vendor order reference number  |v ZYBP  |y E-approvals  |z Electronic resource 
999 f f |i 8d6c36be-9ce4-4faf-86c1-6e36d60f6688  |s 9e4d7e6a-daef-4b17-bf97-4b2c843faa9d  |t 0 
952 f f |a Texas A&M University  |b College Station  |c Electronic Resources  |s www_evans  |d Available Online  |t 0  |e LB1072 .H385 2025  |h Library of Congress classification